000 00540nam a2200181 i 4500
001 77910
003 ES-MaACL
005 20250920063046.0
007 t|
008 041115q19301940sp ||||1| spa d
100 1 _aZozaya, Antonio,
_d1859-1943
_9118374
245 1 0 _aIdeogramas /
_cde Antonio Zozaya.
260 _aMadrid :
_bSociedad Española de Librería,
_c[193-?] (
_fSenén Martín)
300 _a342 p. ;
_c20 cm.
500 _aCon retrato del autor.
852 _aES-MaACL
_jE-10379
_bR.133709
999 _c77910
_d77910